Česko-ruský slovník A-O diel 1

Na minha lista:
Detalhes bibliográficos
Formato: Livro
Idioma:tcheco
Publicado em: Praha Státní pedagogické nakladatelství 1976
Assuntos:
Acesso em linha:View in OPAC
Tags: Adicionar Tag
Sem tags, seja o primeiro a adicionar uma tag!

MARC

LEADER 00000nam a2200000 a 4500
005 20260127134219.0
008 070709s1976 xo cze d
020 |c 36.50 
035 |a vtls009026001 
035 |a PPPK18252 
039 9 |a 200809250936  |b mschk03  |c 200707312037  |d VLOAD  |y 200707231447  |z VLOAD 
040 |a PPPK  |b slo  |d STUSCHK1  |c PPPK 
041 0 |a cze 
080 |a 808.2 
245 0 |a Česko-ruský slovník  |b A-O  |n diel 1 
260 |a Praha  |b Státní pedagogické nakladatelství  |c 1976 
300 |a viaz. 
650 0 7 |a čeština  |2 PPPK 
650 0 7 |a ruština  |2 PPPK 
655 7 |a slovníky  |2 PPPK 
910 |a pppk 
910 |a SCHK95 
999 |c 6893  |d 6893